| 000 | 07360njm0a2200625 4500 | ||
|---|---|---|---|
| 001 | RU\NLR\ONIZ\302890 | ||
| 005 | 20250708193929.0 | ||
| 035 | _a(NLR Aleph) 022051038 | ||
| 071 | 0 | 0 | _aС10-05927-32 |
| 090 |
_a13285452 _c13285452 |
||
| 100 | _a20231004g19 |||y0rusy50 ca | ||
| 102 | _aRU | ||
| 126 |
_aabbxexu ux _bxxx |
||
| 127 | _a012000 | ||
| 135 | _ahonoannnanndn | ||
| 200 | 1 |
_a[Произведения] _bЗвукозапись _fВ. А. Моцарт _gисполняет: Камерный оркестр, дирижер Лев Маркиз |
|
| 203 |
_aМузыка _bисполнительская _cаудио |
||
| 210 |
_aМосква _cМелодия _d[19--] _gВСГ _eМосква |
||
| 215 |
_a3 грп. [ГОСТ 5289-73] : (120 мин) : 33 об/мин, стерео _d30 см, в кор. _eприл. (1 с.) |
||
| 325 | _aКопия доступна в электронной библиотеке РНБ | ||
| 327 | 1 |
_a1. Четыре контрданса : KV 267 ; _a2. Шесть менуэтов : KV 164 ; _a3. Четыре контрданса : KV 101 ; _a4. Пять контрдансов : KV 609 ; _a5. Три марша : KV 408 ; _a6. Allegro Ре мажор : KV 121 ; _a7. Дивертисмент № 3 Фа мажор : KV 138 ; _a8. Дивертисмент № 2 Си бемоль мажор : KV 137 ; _a9. Дивертисмент № 1 Ре мажор : KV 136 ; _a10. Концертная симфония для гобоя, кларнета, фагота, валторны и оркестра : Ми бемоль мажор : KV Anh. 9 / партия гобоя: А. Любимов, партия кларнета: Л. Михайлов, партия фагота: В. Попов, партия валторны: А. Кузнецов ; _a11. Шесть менуэтов : KV 105 |
|
| 464 | 0 |
_12001#$aЧетыре контрданса$eKV 267 _16061#$aКонтрдансы для камерного оркестра$yАвстрия$z18-19 вв.$jЗвукозапись$2nlr_sh _16890#$aЩ951.3-058.55я44(4А) _tЧетыре контрданса |
|
| 464 | 0 |
_12001#$aШесть менуэтов$eKV 164 _16061#$aМенуэты для камерного оркестра$yАвстрия$z18-19 вв.$jЗвукозапись$2nlr_sh _16890#$aЩ951.3-058.55я44(4А) _tШесть менуэтов |
|
| 464 | 0 |
_12001#$aЧетыре контрданса$eKV 101 _16061#$aКонтрдансы для камерного оркестра$yАвстрия$z18-19 вв.$jЗвукозапись$2nlr_sh _16890#$aЩ951.3-058.55я44(4А) _tЧетыре контрданса |
|
| 464 | 0 |
_12001#$aПять контрдансов$eKV 609 _tПять контрдансов |
|
| 464 | 0 |
_12001#$aТри марша$eKV 408 _tТри марша |
|
| 464 | 0 |
_12001#$aAllegro Ре мажор$eKV 121 _tAllegro Ре мажор |
|
| 464 | 0 |
_12001#$aДивертисмент № 3 Фа мажор$eKV 138 _16061#$aДивертисменты для камерного ансамбля$yАвстрия$z18 век$jЗвукозапись$2nlr_sh _16890#$aЩ951.3-043(4А) _tДивертисмент № 3 Фа мажор |
|
| 464 | 0 |
_12001#$aДивертисмент № 2 Си бемоль мажор$eKV 137 _16061#$aДивертисменты для камерного оркестра$yАвстрия$z18 век$jЗвукозапись$2nlr_sh _16890#$aЩ951.3-043(4А) _tДивертисмент № 2 Си бемоль мажор |
|
| 464 | 0 |
_12001#$aДивертисмент № 1 Ре мажор$eKV 136 _16061#$aДивертисменты для камерного оркестра$yАвстрия$z18 век$jЗвукозапись$2nlr_sh _16890#$aЩ951.3-058.55(4А) _tДивертисмент № 1 Ре мажор |
|
| 464 | 0 |
_12001#$aКонцертная симфония для гобоя, кларнета, фагота, валторны и оркестра$eМи бемоль мажор$eKV Anh. 9$fпартия гобоя: А. Любимов, партия кларнета: Л. Михайлов, партия фагота: В. Попов, партия валторны: А. Кузнецов _16061#$aСимфонии для квартета духовых и камерного оркестра$yАвстрия$z18 век$jЗвукозапись$2nlr_sh _16061#$aГобоисты советские российские$z20-21 вв.$jЗвукозапись$2nlr_sh _16061#$aКларнетисты советские российские$z20 век$jЗвукозапись$2nlr_sh _16061#$aФаготисты советские российские$z20-21 вв.$jЗвукозапись$2nlr_sh _16061#$aВалторнисты советские российские$z20-21 вв.$jЗвукозапись$2nlr_sh _16890#$aЩ952.717-040(4А) _1702#1$9z01790$aЛюбимов$bА. С.$gАнатолий Сергеевич$cгобой$f1941-$4590$4wob$7ca _1702#1$9z02790$aМихайлов$bЛ. Н.$gЛев Николаевич$cкларнет$f1936-2003$4590$4wcl$7ca _1702#1$9z03790$aПопов$bВ. С.$gВалерий Сергеевич$cфагот$f1937-$4590$4wba$7ca _1702#1$9z04790$aКузнецов$bА. Б.$gАлександр Борисович$cвалторна$f1940-$4590$4bho$7ca _1790#1$9z01702$aLjubimov$bA.$gAnatolij$coboe$f1941-$4590$4wob$7ba _1790#1$9z02702$aMichajlov$bL.$gLev$f1936-2003$4590$4wcl$7ba _1790#1$9z03702$aPopov$bV.$gValerij$f1937-$4590$4wba$7ba _1790#1$9z04702$aKuznecov$bA.$gAleksandr$cfrench horn$f1940-$4590$4bho$7ba _tКонцертная симфония для гобоя, кларнета, фагота, валторны и оркестра |
|
| 464 | 0 |
_12001#$aШесть менуэтов$eKV 105 _16061#$aМенуэты для камерного оркестра$yАвстрия$z18-19 вв.$jЗвукозапись$2nlr_sh _16890#$aЩ951.3-058.55я44(4А) _tШесть менуэтов |
|
| 606 | 1 |
_aОркестры камерные советские и российские _z20-21 вв. _jЗвукозапись _2nlr_sh |
|
| 606 | 1 |
_aДирижёры советские российские _z20-21 вв. _jЗвукозапись _2nlr_sh |
|
| 606 | 1 |
_aТанцы старинные для камерного оркестра _yАвстрия _z18-19 вв. _jЗвукозапись _2nlr_sh |
|
| 606 | 1 |
_aМузыка для камерного оркестра _yАвстрия _z18 век _jЗвукозапись _2nlr_sh |
|
| 686 | 0 | _aЩ951.3я44(4А) | |
| 700 | 1 |
_9z01790 _aМоцарт _bВ. А. _f1756-1791 _gВольфганг Амадей _4230 _7ca |
|
| 702 | 1 |
_9z02790 _aМаркиз _bЛ. И. _f1930-2023 _gЛев Иосифович _4250 _7ca |
|
| 790 | 1 |
_9z01700 _aMozart _bW. A. _f1756-1791 _gWolfgang Amadeus _4230 |
|
| 790 | 1 |
_9z02702 _aMarkiz _bL. _f1930-2023 _gLev _4250 _7ba |
|
| 801 | 0 |
_aRU _bNLR _c20231004 _gPSBO |
|
| 801 | 1 |
_aRU _bNLR _c20231004 _2rusmarc |
|
| 801 | 2 |
_aRU _bNLR _c20231013 |
|
| 852 |
_aNLR _bМг _j3/9144(1-3) _p41600-41602 _t1 |
||
| 856 | 0 | _uhttps://vivaldi.nlr.ru/mk000001161/view | |
| 856 | 1 | _uhttps://vivaldi.nlr.ru/mk000001161/cover | |
| 856 | 2 | _uhttps://vivaldi.nlr.ru/mk000001161/text | |
| 942 | _cREC | ||
| 980 | _aNB | ||
| 980 | _aONIZ | ||
| 981 | 2 | 4 |
_a(24) Нотные издания и аудиозаписи _b(24) Грампластинки |